000
00289nam a22001217a 4500
040
_c
SK
082
_a
333
100
_a
RICKER W. E.
245
_a
Computation and interpretation of biological statistics of fish populations
260
_a
OTTAWA
_b
RIC
_c
1975
300
_a
382p.
942
_c
EK
999
_c
9212
_d
9212